00982 2200265 4500001002100000005001500021035002500036020002200061040001200083041000800095082001700103084001700120090002100137090002200158111004900180245018300229260005300412300004000465500010300505504002500608650002700633850001200660999002200672990002200694INLIS00000000003386720191018113605 a0010-021800000000593 a978-979-96964-3-9 aYOPDYOG0 aind042[23]a004.07 a004.07 Sem P aDEP 004.07 Sem P aCB-D.11 2012-28192 aSeminar Nasional Teknoinc: Yogyakartad20120 aProsiding seminar nasional teknoin 2012 "Pengembangan teknologi manufaktur untuk menunjang penguatan daya saing bangsa" : bidang teknik informatika 10 November 2012 di Yogyakarta aYogyakarta :bUniversitas Islam Indonesia,c2012 axi, 214 hlm. :b: ilus. ;c; 29 cm. aDiterbitkan Bekerja Sama dengan Fakultas Teknologi Industri Universitas Islam Indonesia Yogyakarta aTermasuk Bibliografi 4aKomputer--xPenelitian aYOPDYOG aCB-D.11/2012-2819 aCB-D.11/2012-2819